Animals of Japan – Sudden Death - Statistics

General Stats
  • This quiz has been taken 28 times
  • The average score is 4 of 16
Answers on the Grid
Answers color-coded by a green-red scale on the quiz's grid according to % correct below.
Geckos
Sea Snakes
Skinks
Pheasants
Foxes
Woodpeckers
Badgers
Vipers
Mosquitoes
Otters
Bears
Sea Lions
Sea Turtles
Chipmunks
Salmon
Flying Foxes
Tigers
Cobras
Skunks
Opossums
Hedgehogs
Porcupines
Narwhals
Marmots
Crocodiles
Pangolins
Beavers
Reindeer
Tortoises
Leopard Cats
Jackals
Hummingbirds
 
Answer Stats
Answer % Correct
Foxes
54%
Mosquitoes
46%
Sea Snakes
38%
Pheasants
31%
Sea Turtles
31%
Skinks
31%
Woodpeckers
31%
Badgers
23%
Salmon
23%
Sea Lions
23%
Bears
15%
Chipmunks
15%
Otters
15%
Flying Foxes
8%
Geckos
8%
Vipers
0%
No matching quizzes found
Score Distribution
Percent of People with Each Score
Percentile by Number Answered
Your Score History
You have not taken this quiz